EU4 Nations with Specific Achievements - Statistics

General Stats
  • This quiz has been taken 276 times
  • The average score is 90 of 164
Answer Stats
Achievement Answer % Correct
Azur semé de lis or | Better than Napoleon | Big Blue Blob | Napoleon's Ambition France
96%
Anglophile England/Great Britain
95%
AEIOU | The Ostenders | The Pen is Mightier than the Sword Austria
94%
Isn't this the way to India? Castile/Spain
92%
All belongs to Mother ______ Russia
92%
An Early Reich Germany
89%
Forever Golden | Imperio Español | _____ is the Emperor Spain
89%
Lion of the North | ______ is not overpowered! Sweden
87%
One Night in Paris England
86%
A Fine Goosestep Prussia
86%
Back to the Piast Mazovia/Silesia/Poland
85%
Not so sad a state... | The Navigator Portugal
85%
____egian Wood Norway
83%
Basileus Byzantium
81%
One King to Rule! | _____ can into space Poland
80%
Holy Trinity | Kingdom of God The Papal State
80%
The Iron Price | Østindisk Kompagni Te Denmark
79%
Dracula's Revenge Wallachia/Moldavia/Romania
79%
On the Edge of Madness | Sunset Invasion Aztec
78%
Luck of the __ish Ireland
78%
The Great Khan Great Horde/Mongolia
77%
Auld Alliance Reversed Scotland
77%
Czechs and Balances | The _______ns Bohemia
76%
A Hero's Welcome Karaman/Rûm
76%
Definitely the Sultan of Rum Ottomans
76%
A Manchurian Candidate | ____ of China Qing
76%
Consulate of the Sea Aragon
75%
King of _________ Cyprus/The Knights/Jerusalem
75%
Baltic Crusader Livonian Order/Teutonic Order
75%
Kow-Tow Ming
75%
Liberty or Death United States
74%
The Re-Reconquista Grenada/Andalusia
72%
Made in _____ Japan
72%
Je Maintiendrai | Sinaasappel! Netherlands
72%
Good King René Provence/Jerusalem
72%
Shahanshah Ardabil/Persia
71%
Mary of ___________ Burgundy/Lotharingia
71%
Choson One | Turtles all the way down Korea
71%
An Industrial Evolution Great Britain
70%
Take that, Von Habsburgs! Hungary
70%
A Sun God Inca
70%
Mare Nostrum Roman Empire
70%
___etian Sea Venice
70%
Basque in Glory Navarra
69%
Frozen Assets Novgorod
69%
Sons of Carthage Tunis
69%
On the Rhodes Again The Knights
67%
True Heir of Timur Afghanistan/Sistan/Transoxiana/Khorasan/Fars/Mughals
66%
_______ or Iberia Albania
66%
Switzerlake Switzerland
65%
______ Tiger Bengal
64%
it's all greek to me Greece
62%
This is ______! Persia
62%
Rise of the White Sheep Aq Qoyunlu
61%
The Levant Turnabout Mamluks
61%
African power Kongo
60%
A tale of two Families Bahmanis/Vijayanagar
59%
Prester John Ethiopia
59%
____ian Ambition Italy
59%
David the Builder Imereti/Georgia
58%
Abu Bakr ll's Ambition Mali
58%
Baa Baa Black Sheep Qara Qoyunlu
58%
Gothic Invasion Theodoro
58%
Sworn Fielty | ______n Coffee Arabia
57%
Spaghetti Western Bologna/Mexico/Texas
57%
Academical Athens
56%
Core-Fu Corfu
56%
The Un____________ Lithuania/Commonwealth
56%
The Sun Never Sets on the Indian Empire Bharat/Hindustan
55%
Never Say ______ Nevers
55%
Emperor of Hindustan Delhi
54%
The _______ian Conquest Burgundy
53%
A Kaiser not just in name Holy Roman Empire
53%
Lazarus Serbia
52%
Forgive me, for I have _____ Sindh
51%
Krabater Croatia
50%
The Prince of _____ Florence/Egypt
50%
Meissner Porcelain Saxony
50%
Gold Rush Golden Horde
49%
The Sudanese Expedition Morocco
49%
The Three Mountains Ryukyu
49%
The White Elephant Ayutthaya
47%
Kinslayer Odoyev/Ryazan/Tver/Yaroslavl/Beloozero/Rostov
47%
Jihad Najd
46%
Eat Your Greens Kale
45%
An Unlikely candidate Mzab/Touggourt/Djerid/Andalusia
45%
Avar Khaganate Avaria
43%
The Bhuddists Strike Back Kotte/Kandy
43%
Stiff Upper _____ Lippe
43%
Sweet Home Qaraqorum Mughals
43%
Back in Control Yuan
42%
The League of Mayapan Huastec/Maya
41%
Protect the Secret Yemen
41%
No Trail of Tears Cherokee
40%
Cotton _____ Kandy
40%
Tatarstan Kazan/Nogai
40%
Maharana Pratep | _____ Never Changes Mewar
40%
Stern des Südens Munich/Bavaria
40%
The Pheasant Strut Gorkha/Nepal
39%
Komnenoi Empire Trebizond
39%
Queen of Mercury Kilwa
38%
Nobody wants to die Songhai
38%
Terra Mariana Riga
37%
Breaking the Yoke Ryazan
37%
Lucky _____ Lucca
36%
____ian Mercenaries Hesse
35%
Bunte Kuh Hamburg
34%
Sailor Mon Pegu
34%
____n Cigars Kuba
33%
Sikh Pun Punjab
33%
Philippine Tiger Cebu
32%
The Spice Must Flow Malaya
32%
Lessons of Hemmingstedt Dithmarschen
31%
Home and Away Wales
31%
Strait Talk Hormuz
30%
Turkish Delight Candar
29%
Disciples of Enlightenment Dai Viet
29%
Everything's Coming up ________ Mulhouse
29%
Saladin's Legacy Hisn Kayfa
27%
The Six Nations Iroqouis
27%
Spanish Fly Offaly
27%
Foremost Servitor of Jagannath Orissa
27%
Yarr Harr a Pirates Life for Me New Providence
26%
Don't be ____ Cili
24%
Inner Turmoil The Isles
24%
Raja of the Rajput Reich Nagaur
22%
Mass Production Odoyev
22%
Great ____ Perm
21%
Rozwi Empire Butua
20%
Where the Heart is Dahomey
20%
Empire of ____ Mann
20%
The ______ Corridors Fezzan
19%
The Animal Kingdom Manipur
19%
Why is the Rûm Gone!? Asturias
18%
The 52 Garhs Garhwal
18%
Great _______ Nitra/Moravia
18%
Pick Your Poison Kaffa
16%
Tiger of ______ Mysore
15%
Cities of Cibola Pueblo
15%
With a Little Help... Ragusa
15%
Victorian Three Buganda/Busoga/Karagwe
13%
Sun Invasion Madyas
11%
Pandya Empire Madurai
10%
Dovmont's Own Pskov
9%
The First _______ Empire Tuangu
7%
No matching quizzes found
Score Distribution
Percent of People with Each Score
Percentile by Number Answered
Your Score History
You have not taken this quiz